000 00560nam a2200169Ia 4500
008 100122s9999 xx 000 0 und d
082 _b60335
_aBM823
100 _aजिओनो जाँ
245 _aझाडं लावणारा माणूस
250 _a1
260 _bराजहंस प्रकाशन
_c2001
300 _a35
630 _aझाडं लावणारा माणूस
700 _aपुरंदरे माधुरी
730 _aझाडं लावणारा माणूस
942 _cBOOK
999 _c435504
_d435501